Statistics for One word countries with 9 or more letters

Click here to take the quiz!

General Stats

  • This quiz has been taken 264 times
    (234 since last reset)
  • The average score is 21 of 29

Answer Stats

Answer% Correct
Australia
93%
Turkmenistan
89%
Uzbekistan
87%
Argentina
84%
Afghanistan
82%
Kazakhstan
80%
Switzerland
80%
Tajikistan
80%
Madagascar
79%
Indonesia
78%
Azerbaijan
77%
Luxembourg
77%
Mauritania
76%
Kyrgyzstan
74%
Lithuania
72%
Mozambique
72%
Liechtenstein
71%
Venezuela
70%
Guatemala
67%
Netherlands
67%
Mauritius
66%
Montenegro
65%
Nicaragua
65%
Philippines
64%
Macedonia
63%
Seychelles
61%
Swaziland
60%
Bangladesh
55%
Singapore
53%

Score Distribution

Percentile by Number Answered

Percent of People with Each Score

Your Score History

You have not taken this quiz since the last reset